| 000 | 02680nam a2200313 a 4500 | ||
|---|---|---|---|
| 001 | 000016193 | ||
| 003 | DO-SdBNP | ||
| 005 | 20160317110200.0 | ||
| 007 | 000016193 | ||
| 008 | 100301s2010 sp a 001 0 spa d | ||
| 020 | _a9786124058011 | ||
| 040 |
_aBPMSU _bspa _cBPMSU |
||
| 092 |
_a728 _bC138e |
||
| 100 | 1 | _a Cañizares, Ana G. | |
| 245 | 1 | 4 |
_aEdificios residenciales / _cedición y textos Ana G. Cañizares.; traducción Ana Peco |
| 260 |
_aBarcelona : _bLexus _c2010 |
||
| 300 |
_a199 p. : _bil. ; _c32 cm. |
||
| 505 |
_tMurphy/Jahn : Residencia de Estudiantes del ITT (Chicago, USA) -- Archi-Tectonics : Greenwich Street (New York, USA) -- AHMM :Raines Court (Londres) -- Edouard François : Torre de las Flores (Paris, France) -- Edouard François : Edificio Creciente (Montpellier,France) -- Engelenmoore : 150 Liverpool Street ; Kings Lane ; 138 Barcom Avenue ; Edificio Cuadrícula (Sydney, Australia) -- Perkins & Will : Skybridge (Chicago,USA) -- 24 H Architecture : Complejo en Getsewoud (Amsterdam, Pays-Bas) -- GCA Arquitectes :Apartamentos en Sabadell (Espagne) -- Despang Architekten : Apartamentos en Hannover (Hanovre, Allemagne) -- Hans Peter Wörndl : Z'aum-G'ruckt (Salzburg, Autriche) -- EEA Architects : Apartamentos en Mauritskade (Amsterdam, Pays-Bas) -- Pugh + Scarpa : Colorado Court ; Lofts de artistas Bergamot (Santa Monica, USA) -- Tannerhecht Archiecture : Lofts en Cannery (Newport Beach, USA) -- Klein Dytham Architecture : Apartamentos en Nagoya (Tokyo, Japon) -- Dale Jones-Evans : Apartamentos Metalika (Sydney, Australie) -- Camezind Evolution : Seewurfel (Zurich, Suisse). _g _t |
||
| 520 | _a'Edificios residenciales' reúne alguno de los últimos diseños de arquitectos contemporáneos, de renombre local e internacional, destacando las tendencias más actuales en la arquitectura aplicada a los proyectos residenciales múltiples. los proyectos mostrados, que constan de estructuras completamente nuevas diseñadas en su totalidad por los arquitectos, están ilustrados como una serie fotográfica que muestra el exterior de cada edificio, así como sus zonas comunes y espacios interiores privados. Una selección de planos y el texto descriptivo acompañante exploran cada proyecto con mayor profundidad y detalle."--Page 4 of cover. | ||
| 650 | _aEDIFICIOS DE APARTAMENTOS | ||
| 650 | _aARQUITECTURA DOMÉSTICA | ||
| 700 | 1 |
_aPeco, Ana _etr. |
|
| 910 | _aValidado. Control de calidad MFF | ||
| 930 | 1 |
_lBND01 _mLF1 _820100301 _f01 _pCT _g10847 |
|
| 942 |
_2ddc _cBK |
||
| 956 |
_aSARMENTERO _b10 _c20100301 _lBND01 _h1040 |
||
| 956 |
_aIGARCIA _b10 _c20100303 _lBND01 _h1055 |
||
| 956 |
_aVMATEO _b10 _c201525 _lBPMSU _h00151 |
||
| 999 |
_c8287 _d8287 |
||